000 00236nam a2200097Ia 4500
008 220204s9999 xx 000 0 und d
082 _a82-3
_bDUG
100 _aDuggan, K S
245 0 _aCome back, my master and other stories
942 _cBK
999 _c32952
_d32952